00470nam a2200169Ia 450000500170000000800410001702000160005808200130007410000140008724500190010126000370012030000120015765000120016994200060018195200980018799900150028520250703155805.0240331s9999 xx 000 0 und d a95591350301 bBANa891 aBandara,C 0aWana sapu mala aKottebPinidiya Publishersc1992 a118 p., aA Novel cL 001040708LaWERCLbWERCLcSSCd2024-03-31l0o 891.48 BANp1366r2024-03-31w2024-03-31yL c4930d4930